Quiz sur le Paris Saint-Germain - Statistiques

Statistiques générales
  • Ce quiz a été pris 67 fois
    4 depuis la dernière actualisation
  • Le résultat moyen est 17 sur 20
Statistiques - réponses
Indice Réponse % Correct
Nombre de championnats de France remporté 13
100%
Nombre de demi-finales de Ligue des Champions dans l'histoire du club 5
100%
Meilleur passeur Ángel Di María
100%
Coupe remportée en 1996 Coupe des coupes
100%
Deuxième meilleur buteur Edinson Cavani
100%
Joueur ayant obtenu le Ballon d'Or 1995 à l'AC Milan, fort de sa saison1994-1995 au PSG George Weah
100%
Meilleur buteur Kylian Mbappé
100%
Nom du stade historique du club Parc des Princes
100%
Etat ayant racheté le club en juin 2011 Qatar
100%
Club de banlieue ayant servi de base pour sa fondation Stade Saint-Germanois
100%
Troisième meilleur buteur Zlatan Ibrahimović
100%
Année de fondation du PSG 1970
75%
Année du premier championnat de France remporté 1986
75%
Président du club à l'origine du design du maillot Daniel Hechter
75%
Version Covid de la Ligue des Champions ayant vu le PSG se qualifier jusqu'en finale en 2020 Final 8
75%
Joueur le plus capé Marquinhos
75%
Joueur permettant au club de se maintenir en Ligue 1 à la dernière journée de la saison 2007-2008 grâce à un doublé contre le FC Sochaux Amara Diané
50%
Président controversé depuis le rachat Nasser al-Khelaïfi
50%
Equipe contre laquelle cette coupe fût remportée Rapid Vienne
50%
Première compétition remportée D2
25%
Aucun quiz correspondant
Distribution des résultats
% des personnes avec chaque résultat
Percentile par nombre de réponses
Votre historique - résultats
Vous n’avez pas pris ce quiz depuis la dernière actualisation